000 00975cab a2200265 4500
001 ABS60770
008 090401t1999 xxu||||| |||| 00| 0 eng d
035 _a(Sirsi) u93921
041 _aeng
100 _aDewar, D.
245 _aRegional homes policy under fire
260 _c1999
350 _a0
490 _aPlanning (for the Natural and Built Environment)
_v(1322) 11 June 1999, 10-11(2)
520 _aOutlines criticism of Serplan's Draft regional planning guidance which proposes a lower housing provision that that estimated in the government's household projections for the south east. Includes a table showing a county-by-county breakdown of the projections and Serplan's proposed provision.
650 _aHOUSEHOLD PROJECTIONS
650 _aHOUSING DEVELOPMENT
650 _aHOUSING PROVISION
650 _aPLANNING STRATEGY
650 _aSERPLAN
650 _aSOUTH EAST
690 _aHOUSING-DEVELOPMENT
942 _n0
948 _c15/06/1999
999 _c59521
_d59521